LEADER 01484nam a2200289 i 4500 001 000000250939 003 CaOOAMICUS 005 20160826000000.0 008 160826s2016 be u000 u mul u 013 $a229844 020 $a978-90-429-3363-7 040 $aSeMil$bita 245 10$aHistoire de Zosime sur la vie des bienheureux réchabites :$bles versions orientales et leurs manuscrits /$csous la direction de Jean-Claude Haelewyck. 260 $aLovanii :$bin aedibus Peeters,$c2016. 300 $aXXII, 180 p. ;$c24 cm. 490 0 $aCorpus Scriptorum Christianorum Orientalium ;$v664. 490 0 $aCorpus Scriptorum Christianorum Orientalium. Subsidia ;$v135 650 4$aEremiti - Biografie.$0(OLS)http://semarc/subject/16661 700 1 $aHaelewyck, Jean-Claude,$d<1952- >.$0(OLS)http://semarc/name/2578 830 0$aCorpus Scriptorum Christianorum Orientalium ;$v664.$0(OLS)http://semarc/title/77 830 0$aCorpus Scriptorum Christianorum Orientalium. Subsidia ;$v135.$0(OLS)http://semarc/title/9539 850 $aSeMil 852 $aSeMil$W1$xVenegono$y1$m2S III 664$j201285$B201285$CSeMilBibl$Z2$F213048 $81 961 $aSottoscrizione: Peeters 996 $6020$a978-90-429-3363-7$9(OLS)http://semarc/number/261622 996 $6245$aHistoire de Zosime sur la vie des bienheureux réchabites :$bles versions orientales et leurs manuscrits$9(OLS)http://semarc/title/353067 996 $6260$aLovanii :$bin aedibus Peeters$9(OLS)http://semarc/publisher/29647 LEADER 01130nam a2200241 i 4500 001 000000221466 003 CaOOAMICUS 005 20130719000000.0 008 130719s1998 it u000 u ita u 013 $a200363 040 $aSeMil$bita 100 1 $aMian, Gabriella.$0(OLS)http://semarc/name/77488 245 13$aLa presenza di Dio nel Salmo 84 /$cDissertatio ad Licentiam, Auctor Gabriella Mian ; Director Bruna Costacurta. 260 $aRomae :$b[s.n.],$c1998. 300 $a75 c. ;$c31 cm. 500 $aIn testa al front : Pontificia Universitas Gregoriana, Facultas Theologiae. - In mezzo al front. : TM 2726, I salmi dell'Hallel. - Contiene : Bibliografia. 650 4$aBibbia. Antico Testamento. Salmi, 84.$0(OLS)http://semarc/subject/40678 700 1 $aCostacurta, Bruna <1946- >.$0(OLS)http://semarc/name/15549 850 $aSeMil 852 $aSeMil$W1$xVenegono$y1$m4X IX 10$j171815$B171815$CSeMilBibl$Z2$F185191 $8L 961 $aFotocopie: Manzi don Franco 996 $6245$aLa presenza di Dio nel Salmo 84$9(OLS)http://semarc/title/317457 996 $6260$aRomae :$b[s.n.]$9(OLS)http://semarc/publisher/29812